Avonridge Property Co Ltd v Amit Mashru and others (Record no. 74584)

MARC details
000 -LEADER
fixed length control field 01476cab a2200277 4500
001 - CONTROL NUMBER
control field ABS68361
008 - FIXED-LENGTH DATA ELEMENTS--GENERAL INFORMATION
fixed length control field 041027n2004 000 0 eng u
035 ## - SYSTEM CONTROL NUMBER
System control number (Sirsi) u127832
245 ## - TITLE STATEMENT
Title Avonridge Property Co Ltd v Amit Mashru and others
260 ## - PUBLICATION, DISTRIBUTION, ETC.
Date of publication, distribution, etc. 2004
490 ## - SERIES STATEMENT
Series statement Estates Gazette
Volume/sequential designation [2005] 05 EG 204-208 (5)
490 ## - SERIES STATEMENT
Series statement Court of Appeal (Civil Division)
Volume/sequential designation [2004] EWCA Civ 1306
520 ## - SUMMARY, ETC.
Summary, etc. [2004] EWCA Civ 1306, 14 October 2004. A appealed against a judgment for damages to be assessed against it in Part 20 proceedings brought by the respondent sublessees (M). The issue on this appeal was whether a provision in a lease entered into since 1 January 1996 which purported to limit the liability of the original lessor under the lessor's covenants, so that it came to an end on his disposing of the reversion, fell foul of the anti-avoidance provision in the Landlord and Tenant (Covenants) Act 1995 s25. "Held:" the appeal was dismissed. View judgment at bailii.org
590 ## - LOCAL NOTE (RLIN)
Local note ABS
650 ## - SUBJECT ADDED ENTRY--TOPICAL TERM
Topical term or geographic name entry element LEASES
650 ## - SUBJECT ADDED ENTRY--TOPICAL TERM
Topical term or geographic name entry element COVENANTS
650 ## - SUBJECT ADDED ENTRY--TOPICAL TERM
Topical term or geographic name entry element BREACH OF COVENANT
650 ## - SUBJECT ADDED ENTRY--TOPICAL TERM
Topical term or geographic name entry element LANDLORDS LIABILITY
650 ## - SUBJECT ADDED ENTRY--TOPICAL TERM
Topical term or geographic name entry element LANDLORD AND TENANT (COVENANTS) ACT 1995 S25
650 ## - SUBJECT ADDED ENTRY--TOPICAL TERM
Topical term or geographic name entry element ANTI-AVOIDANCE
650 ## - SUBJECT ADDED ENTRY--TOPICAL TERM
Topical term or geographic name entry element AVONRIDGE PROPERTY CO LTD V AMIT MASHRU & OTHERS
650 ## - SUBJECT ADDED ENTRY--TOPICAL TERM
Topical term or geographic name entry element ASSIGNMENT
690 ## - LOCAL SUBJECT ADDED ENTRY--TOPICAL TERM (OCLC, RLIN)
Topical term or geographic name as entry element LANDLORD AND TENANT-LEASES-CASE LAW
856 ## - ELECTRONIC LOCATION AND ACCESS
Uniform Resource Identifier <a href="https://www.bailii.org/ew/cases/EWCA/Civ/2004/1306.html">https://www.bailii.org/ew/cases/EWCA/Civ/2004/1306.html</a>
Public note View judgment on the Bailii website...
942 ## - ADDED ENTRY ELEMENTS (KOHA)
Suppress in OPAC 0
Holdings
Withdrawn status Lost status Source of classification or shelving scheme Damaged status Not for loan Home library Current library Shelving location Date acquired Total Checkouts Full call number Barcode Date last seen Copy number Price effective from Koha item type
    Dewey Decimal Classification     London London Journal article 27/10/2004   ABS68361 127832-1001 06/08/2019 1 06/08/2019 Law report